Краткий отчет о деятельности Геологического комитета в 1927/28 бюджетном году (Запись № 5999548)

Подробности
000 -МАРКЕР
контрольное поле 01300nam0a22002771 4500
001 - ИДЕНТИФИКАТОР ЗАПИСИ
контрольное поле rc\2877596
005 - ИДЕНТИФИКАТОР ВЕРСИИ
контрольное поле 20110718105551.2
035 ## - ДРУГИЕ СИСТЕМНЫЕ НОМЕРА
Идентификатор записи (NLR Aleph) 007030629
100 ## - ДАННЫЕ ОБЩЕЙ ОБРАБОТКИ
Данные общей обработки 20110718d1929 |||y0rusy50 ca
101 0# - ЯЗЫК РЕСУРСА
Язык текста, звукозаписи и т.д. русский
102 ## - СТРАНА ПУБЛИКАЦИИ ИЛИ ПРОИЗВОДСТВА
Страна публикации Российская Федерация
105 ## - ПОЛЕ КОДИРОВАННЫХ ДАННЫХ: ТЕКСТОВЫЕ МАТЕРИАЛЫ, МОНОГРАФИЧЕСКИЕ
Кодированные данные о монографическом текстовом документе a z |||||
200 1# - ЗАГЛАВИЕ И СВЕДЕНИЯ ОБ ОТВЕТСТВЕННОСТИ
Основное заглавие Краткий отчет о деятельности Геологического комитета в 1927/28 бюджетном году
Первые сведения об ответственности Доклад ученого секретаря Геологич. ком-та М.М. Тетяева
210 ## - ПУБЛИКАЦИЯ, РАСПРОСТРАНЕНИЕ И ДР.
Место издания, распространения и т.д. Ленинград
Имя издателя, распространителя и т. д. Геол. ком.
Дата издания, распространения и т.д. 1929
Имя изготовителя тип. Финотд. Ленингр. облисполкома
215 ## - ФИЗИЧЕСКАЯ ХАРАКТЕРИСТИКА
Специфическое обозначение материала и объем 32 с., [3] вкл. л. диагр.
Другие сведения о физической характеристике диагр.
Размеры 26х18 см
300 ## - ОБЩИЕ ПРИМЕЧАНИЯ
Текст примечания Без тит. листа. Описано по обложке
300 ## - ОБЩИЕ ПРИМЕЧАНИЯ
Текст примечания Перед загл.: "Отдельн. оттиск из т. XLVIII, № 2 "Известий Геологич. ком-та"
300 ## - ОБЩИЕ ПРИМЕЧАНИЯ
Текст примечания Обложка на рус. и фр. яз.
702 #1 - ИМЯ ЛИЦА - ВТОРИЧНАЯ ОТВЕТСТВЕННОСТЬ
Начальный элемент ввода Тетяев
Часть имени, кроме начального элемента ввода М. М.
Расширение инициалов личного имени Михаил Михайлович
Код отношения Прочие
710 02 - НАИМЕНОВАНИЕ ОРГАНИЗАЦИИ - ПЕРВИЧНАЯ ОТВЕТСТВЕННОСТЬ
Начальный элемент ввода Геологический комитет
Идентифицирующий признак Ленинград
801 #0 - ИСТОЧНИК ЗАПИСИ
Страна Российская Федерация
Организация NLR
Правила каталогизации psbo
801 #1 - ИСТОЧНИК ЗАПИСИ
Страна Российская Федерация
Организация ELAR
Источник данных rusmarc
852 ## - МЕСТОНАХОЖДЕНИЕ И ШИФР ХРАНЕНИЯ
Идентификатор организации NLR
Шифр хранения (Call Number) 37/2720(2)
942 ## - ДОПОЛНИТЕЛЬНЫЕ ЭЛЕМЕНТЫ ЗАПИСИ (АБИС)
Тип экземпляра АБИС Книга
980 ## - КОЛЛЕКЦИЯ
Название коллекции Национальная библиография
Экземпляры
Тип экземпляра Дата поступления Библиотека постоянного хранения Библиотека текущего хранения Место хранения Шифр хранения Штрих-код Статус экземпляра
Книга 26.10.2013 РНБ (Московский) РНБ (Московский) Неопределен, для заказа не доступен, в ЭК виден 37/2720(2) 7030629-10